Online Catalogue and eLibrary

The witch in history (Record no. 723)

MARC details
000 -LEADER
fixed length control field 00442nam a2200169Ia 4500
005 - DATE AND TIME OF LATEST TRANSACTION
control field 20240701024949.0
008 - FIXED-LENGTH DATA ELEMENTS--GENERAL INFORMATION
fixed length control field 240331s9999 xx 000 0 und d
020 ## - INTERNATIONAL STANDARD BOOK NUMBER
ISBN 0415087627
082 ## - DDC Classification
Class No. 133.4
Item Number - Author Mark PUR
100 ## - MAIN ENTRY--PERSONAL NAME
Personal name Purkiss, Diane
245 #4 - TITLE STATEMENT
Title The witch in history
Remainder of title Early Modern and Twentieth-century Representations
260 ## - PUBLICATION, DISTRIBUTION, ETC.
Place of publication, distribution, etc. London
Name of publisher, distributor, etc. Routledge
Date of publication, distribution, etc. 1996
300 ## - PHYSICAL DESCRIPTION
Extent (e.g. Volumes, Pages etc.) viii, 296 p .,
650 ## - SUBJECT ADDED ENTRY--TOPICAL TERM
Topical term or geographic name entry element History
650 ## - SUBJECT ADDED ENTRY--TOPICAL TERM
Topical term or geographic name entry element Women
942 ## - Koha item type (Biblio)
Koha item type Books in Stacks (Lending)
Holdings
Lost status Damaged status Collection code Home library Current library Shelving location Date acquired Full call number Accession Number Item type
    Lending WERC Library WERC Library Social Science Cupboard 03/31/2024 133.4 PUR 2798 Books in Stacks (Lending)

© WERC Library